000 00396nam a2200169Ia 4500
005 20250603145919.0
008 250603s9999 xx 000 0 und d
020 _a9780199574193
050 _aPN 2035 .O94/
245 4 _aThe Oxford companion to theatre and performance
260 _aNew York
260 _bOxford
260 _c2008
300 _a689 p
650 _aNew York
942 _cBK
999 _c43226
_d43226